Classification bulletin of U.S. Patent Office, from Jan. 1, 1908 to June 30, 1908, containing classification of subjects of invention revised by Classification Division of U.S. Patent Office.

Bibliographic Details
Corporate Author: United States. Patent Office
Format: Government Document eBook
Language:English
Published: [Washington] : GPO, 1908.
Subjects:
Online Access:Connect to the full text of this electronic document

MARC

Tag First Indicator Second Indicator Subfields
LEADER 00000cam a22000001a 4500
001 in00003623948
006 m o d f
007 cr bn mmmapmmp
008 141128s1908 dcu o f000 0 eng d
005 20260611155828.6
035 |a ebd1909302981 
040 |a UMI  |c UMI  |d UtOrBLW 
086 0 |a I 23.3:21 
099 |a I2303-21 
110 1 |a United States.  |b Patent Office.  |0 http://id.loc.gov/authorities/names/n79076649 
245 1 0 |a Classification bulletin of U.S. Patent Office, from Jan. 1, 1908 to June 30, 1908, containing classification of subjects of invention revised by Classification Division of U.S. Patent Office. 
264 1 |a [Washington] :  |b GPO,  |c 1908. 
300 |a 1 online resource (14 pages) 
336 |a text  |b txt  |2 rdacontent 
337 |a computer  |b c  |2 rdamedia 
338 |a online resource  |b cr  |2 rdacarrier 
533 |a Electronic reproduction.  |b [Bethesda, Md.] :  |c ProQuest,  |d 2014.  |e digital, PDF file.  |n ProQuest U.S. Executive Branch Documents  |n Mode of access: World Wide Web via ProQuest website. 
588 |a Record is based on online resource; title from PDF title page (ProQuest, last viewed Nov. 2014). Reuse except for individual research requires license from ProQuest, LLC. 
500 |a Electronic resource. 
650 0 |a Dairy products industry.  |0 http://id.loc.gov/authorities/subjects/sh85035460 
650 0 |a Hardware.  |0 http://id.loc.gov/authorities/subjects/sh85058890 
650 0 |a Packaging.  |0 http://id.loc.gov/authorities/subjects/sh85096514 
650 0 |a Railroad equipment industry.  |0 http://id.loc.gov/authorities/subjects/sh85110876 
655 7 |a Electronic books.  |2 local 
856 4 0 |u http://proxy.library.tamu.edu/login?url=https://congressional.proquest.com/congressional/docview/t66.d71.i2303-21  |z Connect to the full text of this electronic document  |t 0 
999 f f |s 15da4a1c-f425-3441-8916-62d1bbbae0e4  |i 8a03bea2-114a-3171-ada7-20feeda909a3  |t 0 
952 f f |a Texas A&M University  |b College Station  |c Electronic Resources  |s www_evans  |d Available Online  |t 0  |h No information provided 
998 f f |t 0  |l Available Online